| 000 | 00540nam a2200181 a 4500 | ||
|---|---|---|---|
| 005 | 20140412111406.0 | ||
| 008 | 070822s19uu xx 00 eng d | ||
| 020 | _a1-7497-0317-2 | ||
| 050 |
_aER _bNo66 1989 |
||
| 100 | _aHawkins, Colin | ||
| 245 |
_aNoah built an ark one day / _cColin Hawkins. |
||
| 260 |
_aNew York : _bPutnam, _c1989. |
||
| 440 | _aA lift-the-flap book | ||
| 520 | _aThe animals enter Noah's ark in various grouping from one to ten. | ||
| 650 | _aChildren's poetry | ||
| 650 | _aNursery Rhymes | ||
| 999 |
_c105562 _d105562 |
||